Vida íntima de Manuel de Falla y Matheu / (Record no. 141775)

MARC details
000 -LEADER
campo de control de longitud fija 00843nam a2200229 i 4500
001 - NÚMERO DE CONTROL
campo de control 141775
003 - IDENTIFICADOR DE NÚMERO DE CONTROL
campo de control ES-MaACL
005 - FECHA Y HORA DE LA ÚLTIMA TRANSACCIÓN
campo de control 20230906200351.0
007 - CAMPO FIJO DE DESCRIPCIÓN FÍSICA--INFORMACIÓN GENERAL
campo de control de longitud fija t|
008 - DATOS DE LONGITUD FIJA--INFORMACIÓN GENERAL
campo de control de longitud fija 070927s1966 sp ||||1| spa d
080 ## - NÚMERO DE LA CLASIFICACIÓN DECIMAL UNIVERSAL
Número de la Clasificación Decimal Universal 929 Falla, Manuel de
100 1# - ENTRADA PRINCIPAL--NOMBRE DE PERSONA
Nombre de persona Viniegra y Lasso de la Vega, Juan J.
9 (RLIN) 115332
245 10 - MENCIÓN DEL TÍTULO
Título Vida íntima de Manuel de Falla y Matheu /
Mención de responsabilidad, etc. Juan J. Viniegra y Lasso de la Vega ; colaboración de Carmen y Carlos Martel Viniegra.
260 ## - PUBLICACIÓN, DISTRIBUCIÓN, ETC.
Lugar de publicación, distribución, etc. Cádiz :
Nombre del editor, distribuidor, etc. Diputación Provincial,
Fecha de publicación, distribución, etc. 1966 (
Fabricante Imp. La Voz)
300 ## - DESCRIPCIÓN FÍSICA
Extensión 273 p. :
Otras características físicas il. ;
Dimensiones 25 cm.
600 14 - PUNTO DE ACCESO ADICIONAL DE MATERIA--NOMBRE DE PERSONA
Nombre de persona Falla, Manuel de,
Fechas asociadas al nombre 1876-1946
9 (RLIN) 48756
700 1# - ENTRADA AGREGADA--NOMBRE PERSONAL
Nombre de persona Martel Viniegra, Carlos.
9 (RLIN) 77160
700 1# - ENTRADA AGREGADA--NOMBRE PERSONAL
Nombre de persona Martel Viniegra, Carmen.
9 (RLIN) 77161
710 1# - ENTRADA AGREGADA--NOMBRE DE ENTIDAD CORPORATIVA
Nombre de entidad corporativa o nombre de jurisdicción como elemento de entrada Cádiz (Provincia).
Unidad subordinada Diputación Provincial.
9 (RLIN) 2268
852 4# - LOCALIZACIÓN
Ubicación ES-MaACL
Número de control de estantería C-30824
Holdings
Estatus retirado Estado de pérdida Estado de daño No para préstamo Biblioteca de origen Biblioteca actual Ubicación en estantería Fecha de adquisición Fuente de adquisición Total de préstamos Signatura topográfica completa Código de barras Visto por última vez Precio de reemplazo Tipo de ítem Koha
        Biblioteca del Ateneo de Madrid Biblioteca del Ateneo de Madrid Depósito 2 17/01/2008     C-30824 1147519 23/02/2023 23/02/2023 Libro impreso